Biblioteca

James (Registro nro. 66696)

Detalles MARC
000 -LÍDER
Campo fijo de descripción fija 02410cam a2200373 i 4500
001 - NÚMERO DE CONTROL
Campo de control 768714001
003 - IDENTIFICADOR DEL NÚMERO DE CONTROL
Campo de control CO-MdFUSB
005 - FECHA Y HORA DE LA ULTIMA TRANSACCIÓN
control field 20210326124150.0
007 - CAMPO FIJO DE DESCRIPCIÓN FIJA--INFORMACIÓN GENERAL
Campo fijo de descripción fija ta
008 - ELEMENTOS DE LONGITUD FIJA -- INFORMACIÓN GENERAL
Campo fijo de descripción fija -- Información general 090511t2009 miub b 001 0 eng
020 ## - NÚMERO INTERNACIONAL NORMALIZADO PARA LIBROS
Número Internacional Normalizado del libro 9780801026768
020 ## - NÚMERO INTERNACIONAL NORMALIZADO PARA LIBROS
Cancelado / ISBN no válido 9781441258014
Información adicional (electronic bk.)
040 ## - FUENTE DE CATALOGACIÓN
Agencia de catalogación original DLC
Idioma de catalogación eng
Agencia que realiza la transcripción CO-MdFUSB
Agencia que realiza la modificación CO-MdFUSB
Convenciones de la descripción rda
041 ## - CÓDIGO DE IDIOMA
Código de idioma para texto/pista de sonido o título separado eng
082 ## - NÚMERO DE CLASIFICACIÓN DECIMAL DEWEY
Número de la edición del Dewey 23
Número de clasificación 225.7
Clave de autor-Numero de item B167
100 1# - ASIENTO PRINCIPAL--NOMBRE PERSONAL
Nombre personal McCartney, Dan.
Término relacionador autor
245 10 - TÍTULO
Título del Material James
Mención de responsabilidad, etc. / Dan G. McCartney.
264 #1 - PRODUCCIÓN, PUBLICACIÓN, DISTRIBUCIÓN, MANUFACTURA, Y COPYRIGHT
Lugar de producción, publicación, distribución, manufactura Grand Rapids, Mich. :
Nombre del productor, publicador, distribuidor Baker Academic,
Fecha de producción, publicación, distribución, manufactura, o copyright [2009]
264 #4 - PRODUCCIÓN, PUBLICACIÓN, DISTRIBUCIÓN, MANUFACTURA, Y COPYRIGHT
Fecha de producción, publicación, distribución, manufactura, o copyright © 2009
300 ## - DESCRIPCIÓN FÍSICA
Extensión 335 páginas :
Otros detalles físicos mapas ;
Dimensiones 24 cm
336 ## - TIPO DE CONTENIDO
Término de tipo de contenido texto
Código de tipo de contenido txt
Fuente rdacontent.
337 ## - TIPO DE MEDIO
Nombre del tipo de medio sin mediación
Código del tipo de medio n
Fuente rdamedia.
338 ## - TIPO DE SOPORTE
Nombre del tipo de soporte volumen
Código Tipo de soporte nc
Fuente rdacarrier.
490 1# - MENCIÓN DE SERIE
Mención de serie Baker exegetical commentary on the New Testament.
504 ## - NOTA DE BIBLIOGRAFÍA, ETC.
Nota de bibliografía, etc Incluye referencias bibliográficas (páginas 301-311)
505 ## - NOTA DE CONTENIDO
Nota de contenido con formato preestablecido Introducción a Santiago - Saludo (1: 1) - Resumen de la vida de fe (1: 2-27) - Fe y sabiduría (1: 2-8) - Orgullo y riqueza (1: 9-12) - Fe y prueba (1: 13-18) - Hacer la palabra de Dios (1: 19-25) - Religión verdadera (1: 26-27) - Primer discurso: fe y comportamiento (2: 1-26) - Parte 1: fe, favoritismo y ley (2: 1-13) - Parte 2: fe y obras (2: 14-26) - Segundo discurso: fe, sabiduría y ética del habla (3: 1-18) - Parte 1: maestros, lenguas , y confusión (3: 1-12) - Parte 2: sabiduría de arriba (3: 13-18) - Tercer discurso: contienda en la iglesia como falta de fe (4: 1-12) - Parte 1: concupiscencias y arrepentimiento (4: 1-10) - Parte 2: difamación y censura (4: 11-12) - Interjección: dos oráculos de advertencia (4: 13-5: 6) - Oráculo 1: advertencia a los comerciantes (4: 13-17 ) - Oráculo 2: advertencia a los propietarios (5: 1-6) - Cuarto discurso: mirando a Dios (5: 7-18) - - Parte 1: fe y paciencia (5: 7-11) - Versículo puente: prohibición de juramentos (5:12) - Parte 2: fe y oración (5: 13-18) - Exhortación final ión: responsabilidad mutua y bendición (5: 19-20) - Excursus 1: la fe como preocupación central de Santiago - Excursus 2: fe, obras y justificación en Santiago y Pablo - Excursus 3: Santiago y la sabiduría - Excursus 4: Santiago y sufrimiento.
563 ## - NOTA DE ENCUADERNACIÓN
Nota de encuadernación Tapa dura
630 07 - TITULO UNIFORME
Título uniforme Biblia.
Nombre de parte o sección de la obra Juan
630 07 - TITULO UNIFORME
Título uniforme Biblia
Subdivisión de forma Comentarios
830 #0 - PUNTO DE ACCESO ADICIONAL DE SERIE - TÍTULO UNIFORME
Título uniforme Baker exegetical commentary on the New Testament.
942 ## - TIPO DE MATERIAL (KOHA)
Tipo de Item KOHA Libros de Referencia
945 ## - INFORMACIÓN LOCAL DEL REGISTRO
Catalogador JTF-925
Existencias
Estado de Material Estado de Perdido Forma de Clasificación Estado de Dañado No para Préstamo Colección Biblioteca de Origen Biblioteca Permanente Fecha de Adquisición Área Total de Préstamos Total de Renovaciones Signatura Topográfica Código de Barras Última vez visto Última vez Préstado Ejemplar/Existencia Fecha de Remplazo Tipo de Material
    Dewey Decimal Classification     Colección de Referencia Biblioteca FUSBC Biblioteca FUSBC 24/03/2021 BIBLIA 1 2 R 225.7 B167b17 8989 06/10/2023 02/10/2023 Ej. 1 24/03/2021 Libros de Referencia

Biblioteca FUSBC | Teléfono: (57+4) 349 88 10 Ext. 141| WhatsApp (+57) 3005338115 
E-mail: biblioteca@unisbc.edu.co | Calle 76 87-14 Robledo Palenque, Medellín, Colombia

Con tecnología Koha